000
00250nam a2200097Ia 4500
008
240331s9999 xx 000 0 und d
082
_b
RUS
100
_a
Russell, J
245
0
_a
Communal politics under the donoughmore constitution 1931-1947
942
_c
L
999
_c
2313
_d
2313